Sistemas de información : análisis, diseño, puesta a punto /
Guardado en:
| Autor Principal: | |
|---|---|
| Formato: | Libro |
| Idioma: | Spanish |
| Publicado: |
Madrid :
Paraninfo,
1984.
|
| Materias: | |
| Etiquetas: |
Agregar Etiqueta
Sin Etiquetas, Sea el primero en etiquetar este registro!
|
| LEADER | 01000nam a22002535a 4500 | ||
|---|---|---|---|
| 001 | EIQ.libpla001439 | ||
| 008 | 061017s1984####sp############001#0#spa#d | ||
| 005 | 20061017183028.0 | ||
| 245 | 1 | 0 | |a Sistemas de información : |b análisis, diseño, puesta a punto / |c Henry C. Lucas, jr. |
| 260 | |a Madrid : |b Paraninfo, |c 1984. | ||
| 300 | |a 539 p. ; |c 22 cm. | ||
| 500 | |a Título original: The analysis, design, and implementation of information systems. | ||
| 500 | |a Traducido por: Jaime De Montoto y de Simon. | ||
| 500 | |a Incluye índice. | ||
| 020 | |a 842831330x | ||
| 100 | 1 | |a Lucas, Henry C. |q (Henry Cameron). | |
| 650 | 4 | |a Sistemas de información |x Análisis. | |
| 650 | 4 | |a Sistemas de información |x Diseño. | |
| 650 | 4 | |a Sistemas de información |x Puesta a punto. | |
| 650 | 4 | |a Information systems |x Analysis. | |
| 650 | 4 | |a Information systems |x Design. | |
| 650 | 4 | |a Information systems |x Implementation. | |
| 040 | |a AR-BbSID |b spa |c AR-BbSID | ||
| 859 | |a AR-BbSID |b BIB. PLAPIQUI |h 658.403 801 19 |i L 96 |p 3387 | ||
